[Event "Kvika Reykjavik Open 2022"]
[Site "Reykjavik ISL"]
[Date "2022.04.08"]
[Round "4.101"]
[White "Ostensson, Julia"]
[Black "Briem, Gudrun Fanney"]
[Result "1/2-1/2"]
[WhiteElo "1731"]
[BlackElo "1364"]
[WhiteFideId "1747703"]
[BlackFideId "2317486"]
[EventDate "2022.04.06"]

1. e4 c5 2. Nc3 Nc6 3. g3 Nf6 4. Bg2 d6 5. d3 e6 6. f4 Be7 7. Nf3 a6 8. O-O Qc7
9. h3 h5 10. Ng5 b5 11. e5 Nd7 12. exd6 Bxd6 13. Nce4 Nf6 14. b3 Bb7 15. Bb2 Be7
16. Re1 Nd4 17. Nf3 Rd8 18. Bxd4 cxd4 19. Ne5 Nxe4 20. dxe4 Bf6 21. Nd3 g6 22.
Qd2 O-O 23. a4 Ra8 24. Ra2 Bg7 25. e5 Bxg2 26. Qxg2 bxa4 27. Rxa4 Rfd8 28. Rxd4
Qa7 29. c3 Rxd4 30. cxd4 Qxd4+ 31. Nf2 Rb8 32. Qf3 Qb6 33. Re3 Bf8 34. Ne4 Be7
35. Kg2 Qc7 36. Rc3 Qb6 37. Qe2 Qb7 38. Qc2 Qd5 39. Qd3 Qb7 40. Qc2 Qd5 41. Rc8+
Rxc8 42. Qxc8+ Kg7 43. Qc7 a5 44. Kf3 Bd8 1/2-1/2

[Event "Kvika Reykjavik Open 2022"]
[Site "Reykjavik ISL"]
[Date "2022.04.08"]
[Round "4.102"]
[White "De Winter, Eric"]
[Black "De Wachter, Livia"]
[Result "0-1"]
[WhiteElo "1722"]
[BlackElo "1171"]
[WhiteFideId "1033069"]
[BlackFideId "255505"]
[EventDate "2022.04.06"]

1. Nf3 Nf6 2. c4 g6 3. Nc3 Bg7 4. g3 O-O 5. Bg2 d6 6. d4 c6 7. O-O Bf5 8. Nh4
Be6 9. d5 cxd5 10. cxd5 Bc8 11. h3 a5 12. Kh2 Na6 13. e4 Nd7 14. Bd2 Ne5 15. Na4
Bd7 16. Bc3 b5 17. Bxe5 Bxe5 18. Nc3 b4 19. Ne2 Bxb2 20. Rb1 Bg7 21. f4 Nc5 22.
Nd4 Rc8 23. Re1 Na4 24. Qd2 Nc3 25. Rb2 Rc4 26. Nhf3 Qb6 27. Bf1 Rxd4 28. Nxd4
Bxd4 29. Rc2 Ba4 30. Rcc1 Rb8 31. Bc4 Qc5 32. Bb3 Bb5 33. f5 a4 34. Bd1 Qb6 35.
fxg6 fxg6 36. Bg4 Rf8 37. Be6+ Kg7 38. Qg5 Bf6 39. Qd2 Be5 40. Kh1 Qf2 41. Qg5
Rf6 42. Rg1 Nxe4 0-1

[Event "Kvika Reykjavik Open 2022"]
[Site "Reykjavik ISL"]
[Date "2022.04.08"]
[Round "4.110"]
[White "Eythorsson, Engilbert Vidar"]
[Black "Lewis, Stephen"]
[Result "1-0"]
[WhiteElo "1253"]
[BlackElo "1929"]
[WhiteFideId "2321769"]
[BlackFideId "479713"]
[EventDate "2022.04.06"]

1. d4 Nf6 2. c4 e5 3. dxe5 Ng4 4. Nf3 Bc5 5. e3 Nc6 6. Bd2 Ngxe5 7. Bc3 Qe7 8.
Nxe5 Nxe5 9. Qd5 d6 10. b4 c6 11. Qd1 Bb6 12. Nd2 O-O 13. Bxe5 Qxe5 14. Nb3 Re8
15. Be2 Bf5 16. O-O Rad8 17. Rc1 Bc7 18. Nd4 Be4 19. Bf3 d5 20. g3 dxc4 21. Rxc4
Qd5 22. Be2 Qg5 23. Qa1 Bd5 24. Rcc1 Bb6 25. Rcd1 Rd6 26. a4 Rf6 27. Qc3 Qh6 28.
f4 Qh3 29. Bf3 Rh6 30. Qd2 Rxe3 31. Qg2 Qxg2+ 32. Bxg2 Bxg2 33. Kxg2 Rd6 34. Nf5
Re2+ 35. Kh3 Rde6 36. a5 Bf2 37. Rxf2 g6 38. Rxe2 1-0

[Event "Kvika Reykjavik Open 2022"]
[Site "Reykjavik ISL"]
[Date "2022.04.08"]
[Round "4.111"]
[White "Shuey, Michael"]
[Black "Saemundarson, Saethor Ingi"]
[Result "1/2-1/2"]
[WhiteElo "1838"]
[BlackElo "1212"]
[WhiteFideId "30957176"]
[BlackFideId "2319845"]
[EventDate "2022.04.06"]

1. Nf3 d5 2. c4 e6 3. b3 c5 4. e3 Nf6 5. Be2 g6 6. Bb2 Bg7 7. O-O O-O 8. d3 Nc6
9. a3 a5 10. Qc2 Qc7 11. Nc3 b6 12. Nb5 Qb8 13. Bc3 Na7 14. Be5 Qb7 15. Nc7 Rb8
16. cxd5 exd5 17. Na6 Ra8 18. Nc7 Rb8 19. Na6 Ra8 20. Nc7 Rb8 1/2-1/2

[Event "Kvika Reykjavik Open 2022"]
[Site "Reykjavik ISL"]
[Date "2022.04.08"]
[Round "4.112"]
[White "Zamvar, Vipin"]
[Black "Neilooday, Raj"]
[Result "1-0"]
[WhiteElo "1620"]
[BlackElo "1201"]
[WhiteFideId "2403749"]
[BlackFideId "33344671"]
[EventDate "2022.04.06"]

1. d4 d5 2. Bf4 Nf6 3. e3 c6 4. c3 e6 5. Nd2 Nbd7 6. Ngf3 Be7 7. Bd3 O-O 8. Qc2
h6 9. h3 c5 10. Ne5 c4 11. Be2 a6 12. g4 Nxe5 13. dxe5 Nh7 14. Nf3 Bg5 15. h4
Bxf4 16. exf4 f6 17. g5 fxg5 18. hxg5 Rxf4 19. gxh6 g5 20. O-O-O g4 21. Qg6+ Kf8
22. Qxh7 Qe7 23. Qh8+ Kf7 24. Qg7+ Ke8 25. Qxe7+ Kxe7 26. h7 Bd7 27. h8=Q Rxh8
28. Rxh8 gxf3 29. Bf1 Rg4 30. Kd2 Rg1 31. Ke3 Ba4 32. b3 cxb3 33. axb3 Bxb3 34.
Rb1 Bc2 35. Rxb7# 1-0

[Event "Kvika Reykjavik Open 2022"]
[Site "Reykjavik ISL"]
[Date "2022.04.08"]
[Round "4.117"]
[White "Smith, Chris P"]
[Black "Sveinbjornsson, Gudmundur Orri"]
[Result "1-0"]
[WhiteElo "1454"]
[BlackElo "1144"]
[WhiteFideId "424617"]
[BlackFideId "2318369"]
[EventDate "2022.04.06"]

1. d4 Nf6 2. c4 g6 3. Nc3 d5 4. cxd5 Nxd5 5. e4 Nxc3 6. bxc3 Bg7 7. Nf3 c5 8.
Rb1 Nc6 9. Be3 cxd4 10. cxd4 Qa5+ 11. Bd2 Qd8 12. d5 Nd4 13. Nxd4 Bxd4 14. Qa4+
b5 15. Qxd4 O-O 16. Bc3 f6 17. Bxb5 Rb8 18. O-O a6 19. Bc4 Rxb1 20. Rxb1 e5 21.
dxe6 Qxd4 22. Bxd4 f5 23. e7+ 1-0

[Event "Kvika Reykjavik Open 2022"]
[Site "Reykjavik ISL"]
[Date "2022.04.08"]
[Round "4.118"]
[White "Hafthorsson, Jon Ulfur"]
[Black "Thorisson, Bjartur"]
[Result "1/2-1/2"]
[WhiteElo "1186"]
[BlackElo "1292"]
[WhiteFideId "2323206"]
[BlackFideId "2314916"]
[EventDate "2022.04.06"]

1. e4 c5 2. Nc3 e6 3. Bc4 Nc6 4. d3 Nf6 5. Nf3 d5 6. exd5 exd5 7. Qe2+ Be7 8.
Bb5 O-O 9. O-O Bg4 10. Bg5 Bxf3 11. Qxf3 Nd4 12. Qd1 a6 13. Ba4 b5 14. Bb3 c4
15. dxc4 dxc4 16. Ne4 Nxe4 17. Bxe7 Qxe7 18. Qxd4 Rad8 19. Qe3 cxb3 20. f3 Qc5
21. Qxc5 Nxc5 22. axb3 Rd2 23. b4 Re8 24. bxc5 Ree2 25. Rfd1 Rxg2+ 26. Kf1 Rgf2+
27. Kg1 Rg2+ 28. Kf1 1/2-1/2

[Event "Kvika Reykjavik Open 2022"]
[Site "Reykjavik ISL"]
[Date "2022.04.09"]
[Round "5.1"]
[White "Idani, Pouya"]
[Black "Jarmula, Lukasz"]
[Result "1/2-1/2"]
[WhiteTitle "GM"]
[BlackTitle "GM"]
[WhiteElo "2638"]
[BlackElo "2434"]
[WhiteFideId "12510130"]
[BlackFideId "1160664"]
[EventDate "2022.04.06"]

1. e4 e5 2. Nf3 Nf6 3. Nxe5 d6 4. Nf3 Nxe4 5. c4 Be7 6. d4 O-O 7. Bd3 Nf6 8. O-O
Bg4 9. h3 Bh5 10. Nc3 Nc6 11. g4 Bg6 12. Bxg6 hxg6 13. Re1 Re8 14. d5 Nb8 15.
Bf4 Nbd7 16. Qd2 a5 17. Re3 Nb6 18. b3 a4 19. Rae1 axb3 20. axb3 Qd7 21. Bg5 Bf8
22. Bxf6 Rxe3 23. Qxe3 gxf6 24. Qf4 Bg7 25. Ne4 f5 26. gxf5 Qxf5 27. Qxf5 gxf5
28. Ng3 Ra3 29. Re8+ Kh7 30. h4 Rxb3 31. Kg2 Nxc4 32. Ng5+ Kg6 33. f4 Ne3+ 34.
Rxe3 Rxe3 35. h5+ Kh6 36. Nxf5+ Kxh5 37. Nxe3 Bh6 38. Nh3 c6 39. Kf3 cxd5 40.
Nf5 Bf8 41. Nf2 d4 42. Ke4 b5 43. Nxd4 b4 44. f5 Bg7 45. Nb3 Bc3 46. Nd3 Kg5 47.
Nf4 Kg4 48. Nd5 Kg5 49. Nc1 Bd2 50. Ne2 Kh4 51. Nd4 Kg4 52. Nf6+ Kg5 53. Nd5 Kg4
54. Nb3 Bc3 55. Na5 Be1 56. Ne3+ Kg5 57. Nb3 Bc3 58. Nd5 Kg4 59. Na5 Be1 60.
Ne3+ Kg5 61. Ng2 Bc3 62. Nf4 Kg4 63. Nd5 1/2-1/2

[Event "Kvika Reykjavik Open 2022"]
[Site "Reykjavik ISL"]
[Date "2022.04.09"]
[Round "5.2"]
[White "Fier, Alexandr"]
[Black "Gukesh, D"]
[Result "1/2-1/2"]
[WhiteTitle "GM"]
[BlackTitle "GM"]
[WhiteElo "2573"]
[BlackElo "2637"]
[WhiteFideId "2107139"]
[BlackFideId "46616543"]
[EventDate "2022.04.06"]

1. e4 c5 2. Nf3 Nc6 3. Bb5 g6 4. O-O Bg7 5. c3 Nf6 6. Re1 O-O 7. d4 d5 8. e5 Ne4
9. Bxc6 bxc6 10. Be3 cxd4 11. cxd4 Rb8 12. Qc1 Bf5 13. Nbd2 Qd7 14. Nb3 f6 15.
Bh6 Bxh6 16. Qxh6 a5 17. Qc1 a4 18. Nbd2 Qb7 19. exf6 exf6 20. b3 Nxd2 21. Nxd2
Qb4 22. Nf3 axb3 1/2-1/2

[Event "Kvika Reykjavik Open 2022"]
[Site "Reykjavik ISL"]
[Date "2022.04.09"]
[Round "5.3"]
[White "Steingrimsson, Hedinn"]
[Black "Praggnanandhaa, R"]
[Result "1/2-1/2"]
[WhiteTitle "GM"]
[BlackTitle "GM"]
[WhiteElo "2538"]
[BlackElo "2624"]
[WhiteFideId "2300117"]
[BlackFideId "25059530"]
[EventDate "2022.04.06"]

1. d4 Nf6 2. c4 e6 3. Nc3 Bb4 4. Qc2 O-O 5. a3 Bxc3+ 6. Qxc3 d6 7. f3 b6 8. e4
c5 9. d5 b5 10. dxe6 Bxe6 11. cxb5 Nbd7 12. Ne2 d5 13. Nf4 Re8 14. Bd2 dxe4 15.
Nxe6 Rxe6 16. Bc4 exf3+ 17. Bxe6 f2+ 18. Ke2 fxe6 19. Bg5 Qe8 20. Bxf6 Nxf6 21.
Qc4 Rd8 22. Kxf2 Rd2+ 23. Kg1 Qa8 24. Qxe6+ Kh8 25. Qc6 Qd8 26. h3 Qd4+ 27. Kh2
Qe5+ 28. Kg1 h6 29. Rf1 Qd4+ 30. Kh2 Qe5+ 31. Kg1 Qe3+ 32. Kh2 Qe5+ 33. Kg1 Qd4+ 1/2-1/2

[Event "Kvika Reykjavik Open 2022"]
[Site "Reykjavik ISL"]
[Date "2022.04.09"]
[Round "5.4"]
[White "Niemann, Hans Moke"]
[Black "Gretarsson, Hjorvar Steinn"]
[Result "1-0"]
[WhiteTitle "GM"]
[BlackTitle "GM"]
[WhiteElo "2637"]
[BlackElo "2542"]
[WhiteFideId "2093596"]
[BlackFideId "2302241"]
[EventDate "2022.04.06"]

1. e4 c5 2. Nf3 e6 3. d4 cxd4 4. Nxd4 Nc6 5. Nc3 Qc7 6. Be2 a6 7. Nxc6 bxc6 8.
Qd3 d5 9. Qg3 Qxg3 10. hxg3 Nf6 11. g4 Bb4 12. Bd2 O-O 13. e5 Nd7 14. f4 f6 15.
exf6 Nxf6 16. g5 Nd7 17. O-O-O e5 18. Rh4 Be7 19. Bd3 h6 20. Rh2 Nc5 21. gxh6
Nxd3+ 22. cxd3 exf4 23. hxg7 Kxg7 24. Rdh1 Bg5 25. Rh7+ Kg6 26. Rc7 Be6 27. Rxc6
Rf6 28. Re1 Bf7 29. Rxf6+ Bxf6 30. Ne2 Rc8+ 31. Kb1 Bh4 32. Nxf4+ Kf5 33. Rf1
Kg4 34. Ne2 Bg8 35. Rf4+ Kh5 36. Ra4 Bh7 37. Nf4+ 1-0

[Event "Kvika Reykjavik Open 2022"]
[Site "Reykjavik ISL"]
[Date "2022.04.09"]
[Round "5.5"]
[White "Clarke, Brandon G I"]
[Black "Adhiban, Baskaran"]
[Result "1/2-1/2"]
[WhiteTitle "IM"]
[BlackTitle "GM"]
[WhiteElo "2436"]
[BlackElo "2633"]
[WhiteFideId "400319"]
[BlackFideId "5018471"]
[EventDate "2022.04.06"]

1. e4 c6 2. d4 d5 3. e5 c5 4. dxc5 e6 5. a3 Bxc5 6. Nf3 a6 7. Bd3 Nc6 8. O-O
Nge7 9. b4 Ba7 10. Bb2 Ng6 11. g3 O-O 12. Nbd2 b5 13. Nb3 f6 14. exf6 gxf6 15.
Nbd4 Nce7 16. Be2 e5 17. Nb3 Bh3 18. Re1 Rc8 19. Qd2 Qd7 20. Bd1 Bg4 21. Kg2 Qf5
22. c3 Kh8 23. Ng1 Nh4+ 24. Kh1 Nf3 25. Nxf3 Bxf3+ 26. Bxf3 Qxf3+ 27. Kg1 Rg8
28. Nd4 Bxd4 29. cxd4 Ng6 30. Re3 Nh4 31. Kf1 Qg2+ 32. Ke2 Nf5 33. Rf3 exd4 34.
Rf4 1/2-1/2

[Event "Kvika Reykjavik Open 2022"]
[Site "Reykjavik ISL"]
[Date "2022.04.09"]
[Round "5.6"]
[White "Sadhwani, Raunak"]
[Black "Williams, Simon K"]
[Result "0-1"]
[WhiteTitle "GM"]
[BlackTitle "GM"]
[WhiteElo "2628"]
[BlackElo "2464"]
[WhiteFideId "35093487"]
[BlackFideId "404454"]
[EventDate "2022.04.06"]

1. d4 e6 2. c4 f5 3. g3 Nf6 4. Bg2 d5 5. Nf3 c6 6. O-O Bd6 7. b3 Qe7 8. a4 a5 9.
Ba3 Bxa3 10. Nxa3 O-O 11. Nc2 Nbd7 12. Nce1 b6 13. Nd3 Bb7 14. Rc1 c5 15. e3
Rac8 16. Re1 Ne4 17. h4 Rfd8 18. Qe2 Ndf6 19. Nde5 Rc7 20. Qb2 Qe8 21. Rc2 h6
22. Rec1 g5 23. cxd5 Bxd5 24. Nc4 cxd4 25. exd4 Rb7 26. Nce5 f4 27. g4 h5 28.
Nxg5 hxg4 29. Rc7 f3 30. Ngf7 fxg2 31. Nxd8 Rxc7 32. Rxc7 Ng5 33. f3 gxf3 34.
hxg5 Qh5 0-1

[Event "Kvika Reykjavik Open 2022"]
[Site "Reykjavik ISL"]
[Date "2022.04.09"]
[Round "5.7"]
[White "Gupta, Abhijeet"]
[Black "Sukandar, Irine Kharisma"]
[Result "1/2-1/2"]
[WhiteTitle "GM"]
[BlackTitle "IM"]
[WhiteElo "2616"]
[BlackElo "2386"]
[WhiteFideId "5010608"]
[BlackFideId "7101937"]
[EventDate "2022.04.06"]

1. d4 Nf6 2. c4 e6 3. g3 d5 4. Bg2 Be7 5. Nf3 O-O 6. Nc3 dxc4 7. Ne5 Nc6 8. Bxc6
bxc6 9. Nxc6 Qe8 10. Nxe7+ Qxe7 11. Qa4 c5 12. dxc5 Qxc5 13. Be3 Qc7 14. f3 Bb7
15. O-O-O Nd5 16. Bd4 a5 17. Nxd5 Bxd5 18. Bc3 Qc5 19. Rd2 Bc6 20. Qc2 Rfd8 21.
Kb1 Rd5 22. Rxd5 exd5 23. Qd2 Re8 24. Bd4 Qb4 25. Qg5 f6 26. Bxf6 Qf8 27. Be5 h6
28. Qf4 Qe7 29. Bc3 Qxe2 30. Qd4 Qd3+ 31. Qxd3 cxd3 32. Bxa5 d4 33. Re1 Ra8 34.
Bd2 Bxf3 35. b3 Kh7 36. Rf1 Be2 37. Rc1 Kg6 38. a4 Kf5 39. a5 Ke4 40. b4 Bg4 41.
b5 Rc8 42. Re1+ Kf3 43. Re5 Rc2 44. a6 Bc8 45. Re8 Rxd2 46. Rxc8 Rd1+ 47. Kb2
Ra1 48. Rf8+ Ke2 49. Re8+ Kf3 50. Rf8+ Ke2 51. Rf4 Ra4 52. Re4+ Kf3 53. Re8 Ra1
54. Rf8+ Ke2 1/2-1/2

[Event "Kvika Reykjavik Open 2022"]
[Site "Reykjavik ISL"]
[Date "2022.04.09"]
[Round "5.8"]
[White "Martin, Julian"]
[Black "Warmerdam, Max"]
[Result "0-1"]
[WhiteTitle "IM"]
[BlackTitle "GM"]
[WhiteElo "2385"]
[BlackElo "2599"]
[WhiteFideId "12941000"]
[BlackFideId "1048104"]
[EventDate "2022.04.06"]

1. e4 c5 2. Nf3 d6 3. d4 cxd4 4. Nxd4 Nf6 5. Nc3 Nc6 6. g3 g6 7. Nde2 Bg7 8. Bg2
Bd7 9. O-O Qc8 10. Nd5 h5 11. h4 Nxd5 12. exd5 Ne5 13. c3 O-O 14. Bg5 Bg4 15. f3
Bh3 16. b3 Qc5+ 17. Kh2 Bf5 18. Qd2 Rfe8 19. Rad1 b5 20. Be3 Qc7 21. Nd4 Bd7 22.
Bg1 a5 23. Kh1 f5 24. f4 Ng4 25. Rfe1 Bf6 26. Rc1 a4 27. c4 bxc4 28. Rxc4 Qb7
29. b4 a3 30. Rec1 Rac8 31. Rxc8 Rxc8 32. Rxc8+ Qxc8 33. Nc6 Qa6 34. Qc2 Kh7 35.
Nb8 Qa4 36. Qe2 Qb5 37. Qxb5 Bxb5 38. Nc6 Bc4 0-1

[Event "Kvika Reykjavik Open 2022"]
[Site "Reykjavik ISL"]
[Date "2022.04.09"]
[Round "5.9"]
[White "Andersen, Mads"]
[Black "Soham, Das"]
[Result "1-0"]
[WhiteTitle "GM"]
[BlackTitle "IM"]
[WhiteElo "2582"]
[BlackElo "2303"]
[WhiteFideId "1413864"]
[BlackFideId "35026763"]
[EventDate "2022.04.06"]

1. e4 c5 2. c3 g6 3. d4 cxd4 4. cxd4 d5 5. e5 Bg7 6. Nf3 Nc6 7. Bb5 Nh6 8. O-O
O-O 9. h3 f6 10. Nc3 Nf5 11. Re1 fxe5 12. dxe5 e6 13. Bxc6 bxc6 14. Na4 Nh4 15.
Nd4 Nf5 16. b3 Qe7 17. Nf3 Nh4 18. Nxh4 Qxh4 19. Qc2 Rf5 20. Bb2 Bd7 21. Nc5 Qe7
22. Bd4 Be8 23. b4 a5 24. bxa5 Rxa5 25. Qc3 Ra8 26. a4 g5 27. Rab1 Bg6 28. Rb7
Qe8 29. a5 Rf7 30. a6 Bf8 31. Rxf7 Kxf7 32. Ra1 Be7 33. Qf3+ Kg8 34. Nxe6 Be4
35. Qg3 Qc8 36. Nc5 Bg6 37. e6 Bxc5 38. Bxc5 Qxe6 39. a7 1-0

[Event "Kvika Reykjavik Open 2022"]
[Site "Reykjavik ISL"]
[Date "2022.04.09"]
[Round "5.10"]
[White "Thorfinnsson, Bjorn"]
[Black "Mishra, Abhimanyu"]
[Result "0-1"]
[WhiteTitle "IM"]
[BlackTitle "GM"]
[WhiteElo "2381"]
[BlackElo "2524"]
[WhiteFideId "2300982"]
[BlackFideId "30920019"]
[EventDate "2022.04.06"]

1. c4 c6 2. g3 d5 3. Qb3 Nf6 4. Bg2 e6 5. Nf3 Be7 6. O-O O-O 7. d4 Nbd7 8. Nc3
b6 9. e4 Ba6 10. exd5 cxd5 11. Nd2 Rc8 12. Nb5 dxc4 13. Nxc4 Nb8 14. Rd1 Nc6 15.
Be3 Nd5 16. Rac1 Qd7 17. a4 Rfd8 18. Nc3 f6 19. Nb5 Ncb4 20. Nca3 Kh8 21. Bh3 f5
22. Bd2 Nc6 23. Nc2 Bb7 24. Bg2 Bf6 25. Ne3 Nxd4 26. Nxd4 Bxd4 27. Nxd5 Bxd5 28.
Bxd5 Qxd5 29. Qxd5 exd5 30. Rxc8 Rxc8 31. Bc3 Bxc3 32. bxc3 Rd8 33. Rd4 Kg8 34.
c4 Kf7 35. cxd5 Ke7 36. g4 fxg4 37. Rxg4 g6 38. Rh4 h5 39. Re4+ Kd6 40. Re6+ Kc5
41. Rc6+ Kb4 42. Rc7 Kxa4 43. Rxa7+ Kb5 44. Rg7 Rd6 45. Kg2 Kc4 46. Kf3 Kxd5 47.
Kf4 b5 48. Rb7 0-1

[Event "Kvika Reykjavik Open 2022"]
[Site "Reykjavik ISL"]
[Date "2022.04.09"]
[Round "5.11"]
[White "Peng, Li Min"]
[Black "De Wachter, Matthias"]
[Result "1/2-1/2"]
[WhiteTitle "IM"]
[BlackTitle "FM"]
[WhiteElo "2517"]
[BlackElo "2295"]
[WhiteFideId "14112620"]
[BlackFideId "201839"]
[EventDate "2022.04.06"]

1. e4 e5 2. Nc3 Nf6 3. Bc4 Nxe4 4. Qh5 Nd6 5. Bb3 Be7 6. f4 exf4 7. d4 O-O 8.
Bxf4 Ne8 9. O-O-O Nf6 10. Qf3 d6 11. h3 c6 12. g4 d5 13. g5 Ne8 14. h4 Be6 15.
Nge2 b5 16. Rdg1 Nd7 17. h5 a5 18. a4 b4 19. Nd1 c5 20. Ne3 c4 21. Ba2 Nb6 22.
Bb1 c3 23. b3 Ra7 24. Kd1 Bd6 25. Qg3 Qb8 26. Qh4 Qd8 27. Qh2 Qe7 28. Qf2 1/2-1/2

[Event "Kvika Reykjavik Open 2022"]
[Site "Reykjavik ISL"]
[Date "2022.04.09"]
[Round "5.12"]
[White "Fantinel, Thibault"]
[Black "Stefansson, Vignir Vatnar"]
[Result "1/2-1/2"]
[WhiteTitle "IM"]
[BlackTitle "IM"]
[WhiteElo "2378"]
[BlackElo "2501"]
[WhiteFideId "663395"]
[BlackFideId "2308649"]
[EventDate "2022.04.06"]

1. e4 c5 2. Nf3 d6 3. Bb5+ Bd7 4. Bxd7+ Nxd7 5. O-O Ngf6 6. Qe2 e6 7. c4 Rc8 8.
d4 cxd4 9. Nxd4 Qa5 10. Rd1 Be7 11. b3 a6 12. Bb2 O-O 13. Nc3 Ne5 14. Rac1 g5
15. Qd2 Ng6 16. Nd5 Qxd2 17. Nxf6+ Bxf6 18. Rxd2 g4 19. Rcd1 Bg5 20. Rc2 Rfd8
21. Bc1 Bf6 22. Be3 Kf8 23. Rcd2 Ke7 24. Ne2 b5 25. Bb6 Rd7 26. c5 Be5 27. b4
Nf4 28. Nxf4 Bxf4 29. Rd3 Ke8 30. f3 gxf3 31. gxf3 Rc6 32. Kg2 f6 33. Ra3 dxc5
34. Rxd7 Kxd7 35. bxc5 Bc7 36. Rxa6 Bxb6 37. cxb6 Rc2+ 38. Kg3 Kc6 39. b7+ Kxb7
40. Rxe6 Rxa2 41. Rxf6 b4 42. Rd6 b3 43. Rd3 Ra3 44. Rd1 b2 45. Rb1 Rb3 46. Kf4
Kc6 47. Ke5 Kd7 48. f4 Ke7 49. Kf5 Rb5+ 50. e5 Rb4 51. h4 Kf7 52. Kg5 Ke6 53.
Kg4 Rb3 54. Kg5 Rb7 55. Kg4 Rb8 56. Kg5 Rb6 57. Kh6 Rb7 58. Kg5 Rb4 59. Kg4 Kf7
60. Kg5 Ke6 61. Kg4 Rb6 62. Kg5 1/2-1/2

[Event "Kvika Reykjavik Open 2022"]
[Site "Reykjavik ISL"]
[Date "2022.04.09"]
[Round "5.13"]
[White "Rosen, Eric"]
[Black "Beerdsen, Thomas"]
[Result "0-1"]
[WhiteTitle "IM"]
[BlackTitle "IM"]
[WhiteElo "2359"]
[BlackElo "2496"]
[WhiteFideId "2032562"]
[BlackFideId "1030108"]
[EventDate "2022.04.06"]

1. d4 Nf6 2. Bf4 c6 3. Nd2 Qb6 4. Ngf3 Nh5 5. Bxb8 Rxb8 6. Rb1 d6 7. e3 g6 8.
Be2 Bg7 9. O-O c5 10. c3 O-O 11. Qa4 Qc7 12. Rfe1 Nf6 13. e4 Bd7 14. Bb5 a6 15.
Bxd7 Nxd7 16. Nf1 Rfc8 17. Ne3 cxd4 18. cxd4 Nb6 19. Qa5 Qc6 20. b3 Rc7 21. h4
Rbc8 22. a4 e6 23. Re2 Qxe4 24. Rbe1 Qc6 25. Qg5 h6 26. Qg3 Nd5 27. Rc2 Qd7 28.
Rxc7 Rxc7 29. Nxd5 exd5 30. Qf4 Rc3 31. Re3 Rc1+ 32. Kh2 Rc2 33. h5 gxh5 34. Ne1
Rc8 35. Rg3 Kh8 36. Nd3 Re8 37. Qf3 Re4 38. Nf4 Qf5 39. Nxh5 Rh4+ 40. Rh3 Qxf3
41. gxf3 Rxd4 42. f4 Rd2 43. Re3 Bd4 44. Re7 Kh7 45. Rxb7 Kg6 46. Ng3 Rxf2+ 47.
Kh3 Rxf4 48. Ne2 Re4 49. Nxd4 Rxd4 50. Rb6 Kf5 51. Rxd6 f6 52. Kg2 Ke5 53. Rxa6
Rb4 54. Ra8 Rxb3 55. Re8+ Kf5 56. Rd8 Ke4 57. Rh8 Ra3 58. Rxh6 f5 59. Ra6 d4 60.
Kf2 Kd3 61. Ra8 Kc2 62. a5 d3 63. a6 d2 64. Rc8+ Kd1 65. Ra8 Rc3 66. Rd8 Rc7 67.
Ke3 Ke1 68. a7 Rxa7 69. Rh8 Ra3+ 70. Kd4 0-1

[Event "Kvika Reykjavik Open 2022"]
[Site "Reykjavik ISL"]
[Date "2022.04.09"]
[Round "5.14"]
[White "Sigamoney, Cyril S"]
[Black "Hjartarson, Johann"]
[Result "0-1"]
[BlackTitle "GM"]
[WhiteElo "1960"]
[BlackElo "2465"]
[WhiteFideId "2055287"]
[BlackFideId "2300044"]
[EventDate "2022.04.06"]

1. d4 Nf6 2. Bg5 c5 3. d5 g6 4. Nc3 d6 5. e4 Bg7 6. f4 O-O 7. Nf3 Qb6 8. Rb1 e6
9. Bxf6 Bxf6 10. Bc4 Qb4 11. Nd2 Bxc3 12. bxc3 Qxc3 13. O-O exd5 14. Bxd5 Nc6
15. Rb3 Qf6 16. Kh1 Nb4 17. Bc4 Rb8 18. a4 Be6 19. Rg3 Kh8 20. c3 Nc6 21. Qc1
Bxc4 22. Nxc4 Qe6 23. Nd2 f5 24. Re3 d5 25. e5 b6 26. Nf3 h6 27. Rd1 Rbd8 28.
Qb2 Rd7 29. Red3 Rfd8 30. Qf2 Kg7 31. h3 Ne7 32. Rg1 Qc6 33. Qh4 Rf8 34. Re1 Qe6
35. Red1 Rc7 36. Kh2 a6 37. Qg3 Rb8 38. Nh4 b5 39. Rxd5 Nxd5 40. Rxd5 Rb6 41. a5
Rbc6 42. Qd3 c4 43. Qd4 Kh7 44. Rd8 b4 45. Rb8 Rd7 46. Qe3 b3 47. Nf3 Qd5 48.
Nd4 Rcc7 49. Rb6 Qxa5 50. Rxg6 Kxg6 51. e6 Rxd4 52. Qxd4 Qc5 53. Qd8 Qe7 54.
Qg8+ Qg7 55. Qe8+ Kh7 56. Qh5 b2 57. Qxf5+ Qg6 58. Qe5 Rg7 0-1

[Event "Kvika Reykjavik Open 2022"]
[Site "Reykjavik ISL"]
[Date "2022.04.09"]
[Round "5.15"]
[White "Berdnyk, Mariia"]
[Black "Yoo, Christopher Woojin"]
[Result "0-1"]
[WhiteTitle "FM"]
[BlackTitle "IM"]
[WhiteElo "2287"]
[BlackElo "2532"]
[WhiteFideId "14137054"]
[BlackFideId "30909694"]
[EventDate "2022.04.06"]

1. d4 d5 2. c4 dxc4 3. e3 e5 4. Bxc4 Nc6 5. d5 Na5 6. Qa4+ c6 7. dxc6 Nxc6 8.
Nf3 Bd6 9. e4 Nf6 10. O-O O-O 11. h3 Nxe4 12. Bxf7+ Rxf7 13. Qxe4 Bf5 14. Qc4
Be7 15. Qb3 Bd3 16. Ng5 Bxg5 17. Bxg5 Qd7 18. Rd1 e4 19. Nc3 Nd4 20. Qd5 Ne2+
21. Kh1 Qxd5 22. Nxd5 Rxf2 23. Nb4 Bc4 24. b3 Be6 25. Rd6 Re8 26. Be3 Ng3+ 27.
Kh2 Re2 28. Kxg3 Rxe3+ 29. Kf2 Rc3 30. Re1 e3+ 31. Rxe3 Rxe3 32. Kxe3 a5 33. Nd3
Bxb3+ 34. Kd4 Bxa2 35. Kc5 Bb1 36. Kb5 Re2 37. g4 Bxd3+ 38. Rxd3 Ra2 39. Kb6 a4
40. Kxb7 a3 41. Kc6 Ra1 42. Kd7 a2 43. Rd2 Kf7 44. h4 Kf6 45. Kd8 Ke5 46. Ke7
Kf4 47. Kf7 Ke3 48. Rxa2 Rxa2 49. Kxg7 Ra7+ 50. Kh6 Kf4 51. g5 Kf5 0-1

[Event "Kvika Reykjavik Open 2022"]
[Site "Reykjavik ISL"]
[Date "2022.04.09"]
[Round "5.16"]
[White "Maze, Sebastien"]
[Black "Doluhanova, Evgeniya"]
[Result "1-0"]
[WhiteTitle "GM"]
[BlackTitle "WGM"]
[WhiteElo "2524"]
[BlackElo "2280"]
[WhiteFideId "613762"]
[BlackFideId "14112035"]
[EventDate "2022.04.06"]

1. d4 Nf6 2. c4 e6 3. Nf3 b6 4. a3 Bb7 5. Nc3 d5 6. Bg5 Be7 7. Qa4+ c6 8. Qc2
Nbd7 9. cxd5 Nxd5 10. Bxe7 Qxe7 11. Nxd5 cxd5 12. e3 O-O 13. Qc7 Bc8 14. Rc1 Qd8
15. Qxd8 Rxd8 16. Rc7 Nb8 17. Ne5 Bd7 18. Kd2 Be8 19. Be2 f6 20. Nd3 Na6 21. Rc3
Rdc8 22. Rhc1 Rxc3 23. Rxc3 Bb5 24. Bg4 Re8 25. Nf4 f5 26. Bh5 g6 27. a4 Bc4 28.
Bd1 g5 29. Nh5 Rf8 30. f4 h6 31. Ng3 Nb4 32. Be2 gxf4 33. exf4 Rc8 34. b3 Ba6
35. Rxc8+ Bxc8 36. Nf1 a5 37. Ne3 Kf7 38. h3 Kf6 39. Bb5 h5 40. h4 Ba6 41. Nf1
Kg6 42. Ng3 Kh6 43. Nf1 Bb7 44. Nh2 Nc6 45. Nf3 Kg7 46. Kc3 Kf6 47. Ne5 Nxe5 48.
fxe5+ Kg7 49. Kd2 Bc8 50. Ke3 Kg6 51. Kf4 Kh6 52. Be8 Kg7 53. Kg5 Ba6 54. Bb5 1-0